Ortschaften des Kantons Schaffhausen - Statistiken

Allgemein
  • Dieses Quiz wurde 63 mal gespielt
  • Das Durchschnittsergebnis liegt bei 22 aus 34
Antworten auf der Karte
Die Antworten werden auf der Karte rot bzw. grün angezeigt, abhängig davon wie oft sie richtig erraten wurden.
 
Antwortstatistiken
Einwohner Ortschaft % Korrekt
37'998 Schaffhausen
100%
11’225 Neuhausen am Rheinfall
91%
3’548 Stein am Rhein
88%
4’859 Thayngen
88%
2’389 Hallau
81%
4’948 Beringen
72%
323 Buch
72%
768 Lohn
72%
2’583 Neunkirch
72%
1’817 Schleitheim
72%
1’415 Wilchingen
72%
331 Bargen
69%
438 Oberhallau
69%
1’617 Ramsen
69%
908 Siblingen
69%
620 Trasadingen
69%
1’059 Dörflingen
66%
1’487 Stetten
66%
885 Buchberg
63%
419 Büttenhardt
63%
502 Hemishofen
63%
899 Merishausen
63%
804 Rüdlingen
63%
482 Beggingen
59%
1’628 Löhningen
59%
999 Gächlingen
56%
177 Altdorf
53%
335 Osterfingen
53%
658 Hemmental
50%
185 Barzheim
41%
283 Bibern
41%
258 Guntmadingen
41%
140 Hofen
41%
128 Opfertshofen
41%
Keine übereinstimmenden Quizze gefunden
Verteilung der Resultate
Anzahl Personen mit jedem Resultat
Perzentil nach korrekt beantworteten Fragen
Ihre Resultats-Entwicklung
Sie haben dieses Quiz noch nicht gespielt